| 000 | 00931nam a2200229 a 4500 | ||
|---|---|---|---|
| 001 | 13175 | ||
| 003 | BD-JhCC | ||
| 005 | 20230717091953.0 | ||
| 008 | 230717s2022 bg |||| |||| 000 0 ben d | ||
| 020 | _a9789849647577 | ||
| 035 | _a(BD-JhCC)13175 | ||
| 040 |
_aBD-JhCC _dBD-JhCC |
||
| 041 | _aben | ||
| 082 |
_a610.727 _bSHA 2022 |
||
| 245 |
_aস্বাধীনতার পঞ্চাশ বছর বাংলাদেশের স্বাস্থ্য খাতের বিকাশ / _cসম্পা. আহমদ মোশতাক রাজা চৌধুরী . . . (অন্যান্য)। |
||
| 260 |
_aঢাকা : _bপ্রথমা, _c২০২২ |
||
| 300 |
_a৪৬৩ পৃ. : _c২৪ সেমি. |
||
| 650 | _aMedical statistics | ||
| 650 | _aMedicine--Research--Statistical methods | ||
| 700 | _aচৌধুরী, আহমদ মোশতাক রাজা | ||
| 942 |
_2ddc _cBK |
||
| 999 |
_c13175 _d13175 |
||